[Event "POL-chT 1st League"]
[Site "Leba"]
[Date "2023.09.30"]
[Round "8.3"]
[White "Sowinski, Pawel"]
[Black "Nowicki, Bartosz"]
[Result "1-0"]
[WhiteElo "2364"]
[BlackElo "2274"]
[PlyCount "97"]
[EventDate "2023.09.23"]
[EventType "team-swiss"]
[EventRounds "9"]
[EventCountry "POL"]
[SourceTitle "EXT 2024"]
[Source "ChessBase"]
[SourceDate "2023.10.10"]
[SourceVersion "1"]
[SourceVersionDate "2023.10.10"]
[SourceQuality "1"]
[WhiteTeam "Sedziszow Malopolski"]
[BlackTeam "Konin UKS Smecz"]
[WhiteTeamCountry "POL"]
[BlackTeamCountry "POL"]

1. d4 f5 2. g3 Nf6 3. Bg2 e6 4. Nh3 d6 5. 0-0 Be7 6. Nc3 0-0 7. Nf4 c6 8. e4 e5 9. dxe5 dxe5 10. Nd3 Qc7 11. Re1 fxe4 12. Nxe4 Bf5 13. Qe2 Nbd7 14. Bg5 Rae8 15. Bxf6 gxf6 16. g4 Bg6 17. Ng3 f5 18. gxf5 Bxf5 19. Nxf5 Rxf5 20. f4 exf4 21. Qe6+ Rf7 22. Kh1 Ref8 23. Bh3 Bd6 24. Rad1 Nf6 25. c4 Re8 26. Qf5 Ne4 27. Qh5 Kh8 28. Bf5 Nf6 29. Rxe8+ Nxe8 30. c5 Bf8 31. Ne5 Qxe5 32. Qxf7 Bg7 33. Qh5 Kg8 34. Bxh7+ Kf8 35. Qxe5 Bxe5 36. Be4 Ke7 37. Kg2 Nc7 38. b4 Bc3 39. a3 a6 40. h4 Nb5 41. Rd3 Bb2 42. h5 Nxa3 43. h6 Nc2 44. Rd2 Ne3+ 45. Kf3 Bc3 46. h7 Nf1 47. Rg2 Ng3 48. Kxf4 Nh5+ 49. Kf3 1-0

[Event "POL-chT 1st League"]
[Site "Leba"]
[Date "2023.09.28"]
[Round "6.7"]
[White "Bus, Konrad"]
[Black "Nowicki, Bartosz"]
[Result "1/2-1/2"]
[WhiteElo "2264"]
[BlackElo "2274"]
[PlyCount "64"]
[EventDate "2023.09.23"]
[EventType "team-swiss"]
[EventRounds "9"]
[EventCountry "POL"]
[SourceTitle "EXT 2024"]
[Source "ChessBase"]
[SourceDate "2023.10.10"]
[SourceVersion "1"]
[SourceVersionDate "2023.10.10"]
[SourceQuality "1"]
[WhiteTeam "Wieliczka MKS MOS"]
[BlackTeam "Konin UKS Smecz"]
[WhiteTeamCountry "POL"]
[BlackTeamCountry "POL"]

1. d4 f5 2. g3 Nf6 3. Bg2 d6 4. Nf3 g6 5. c4 Bg7 6. b4 0-0 7. 0-0 e5 8. dxe5 Ng4 9. Bb2 Nc6 10. Qb3 Ngxe5 11. c5+ Kh8 12. Nbd2 dxc5 13. bxc5 Qe7 14. Nxe5 Bxe5 15. Nf3 Bg7 16. e3 Rb8 17. Bxg7+ Kxg7 18. Nd4 Nxd4 19. exd4 Bd7 20. Rfe1 Qf6 21. d5 f4 22. Rad1 b6 23. c6 Bf5 24. gxf4 Qd6 25. Re5 Rf7 26. Rde1 Rbf8 27. Qe3 Bc8 28. Re7 Rxe7 29. Qxe7+ Qxe7 30. Rxe7+ Rf7 31. Re8 Rf8 32. Re7+ Rf7 1/2-1/2

[Event "POL-chT 1st League"]
[Site "Leba"]
[Date "2023.09.24"]
[Round "2.9"]
[White "Paprocki, Jaroslaw"]
[Black "Nowicki, Bartosz"]
[Result "1/2-1/2"]
[WhiteElo "2167"]
[BlackElo "2274"]
[PlyCount "51"]
[EventDate "2023.09.23"]
[EventType "team-swiss"]
[EventRounds "9"]
[EventCountry "POL"]
[SourceTitle "EXT 2024"]
[Source "ChessBase"]
[SourceDate "2023.10.10"]
[SourceVersion "1"]
[SourceVersionDate "2023.10.10"]
[SourceQuality "1"]
[WhiteTeam "Bydgoszcz Wiartrak"]
[BlackTeam "Konin UKS Smecz"]
[WhiteTeamCountry "POL"]
[BlackTeamCountry "POL"]

1. e4 c5 2. Nc3 d6 3. Nf3 Nf6 4. d4 cxd4 5. Nxd4 a6 6. Bg5 Nbd7 7. Qd2 e6 8. f3 b5 9. Be2 Bb7 10. 0-0-0 Be7 11. h4 h6 12. Be3 b4 13. Na4 d5 14. g4 dxe4 15. g5 Nd5 16. g6 N7f6 17. gxf7+ Kxf7 18. Rhg1 Qa5 19. b3 Rac8 20. fxe4 Nc3 21. Rdf1 Bxe4 22. Bd3 Qe5 23. Nb6 Qa5 24. Na4 Qe5 25. Nb6 Qa5 26. Na4 1/2-1/2

[Event "Polanica Zdroj op-D 58th"]
[Site "Polanica Zdroj"]
[Date "2022.08.15"]
[Round "3"]
[White "Liskiewicz, Jakub"]
[Black "Nowicki, Bartosz"]
[Result "1-0"]
[WhiteElo "1910"]
[BlackElo "2291"]
[PlyCount "65"]
[EventDate "2022.08.13"]
[EventType "swiss"]
[EventRounds "9"]
[EventCountry "POL"]
[SourceTitle "CBM 210 Extra"]
[Source "ChessBase"]
[SourceDate "2022.11.30"]
[SourceVersion "1"]
[SourceVersionDate "2022.11.30"]
[SourceQuality "1"]

1. d4 d5 2. c4 c6 3. Nc3 Nf6 4. Bf4 dxc4 5. a4 Bf5 6. e3 e6 7. Bxc4 Bd6 8. Bxd6 Qxd6 9. Nf3 Nbd7 10. 0-0 0-0 11. Qe2 e5 12. dxe5 Nxe5 13. Rad1 Nxf3+ 14. Qxf3 Qe5 15. Rd4 Bg6 16. Rfd1 Bh5 17. g4 Bxg4 18. Rxg4 Nxg4 19. Qxg4 Rad8 20. Rd7 Rxd7 21. Qxd7 Qc5 22. b3 Qg5+ 23. Kf1 Qe5 24. Ne2 Qxh2 25. Ng3 h5 26. Nf5 Qe5 27. Nd6 Qa1+ 28. Kg2 Qf6 29. Nxf7 h4 30. f4 Qb2+ 31. Kf3 Qf6 32. Ng5+ Kh8 33. Qg4 1-0

[Event "POL-chT 2nd League"]
[Site "Jastrzebia Gora"]
[Date "2019.09.11"]
[Round "5.9"]
[White "Sieciechowicz, Marcin"]
[Black "Nowicki, Bartosz"]
[Result "1/2-1/2"]
[WhiteElo "2364"]
[BlackElo "2349"]
[PlyCount "43"]
[EventDate "2019.09.07"]
[EventType "team-swiss"]
[EventRounds "9"]
[EventCountry "POL"]
[SourceTitle "EXT 2020"]
[Source "ChessBase"]
[SourceDate "2019.10.17"]
[SourceVersion "1"]
[SourceVersionDate "2019.10.17"]
[SourceQuality "1"]
[WhiteTeam "Legnica Miedz"]
[BlackTeam "Minsk Mazowiecki MTSz"]
[WhiteTeamCountry "POL"]
[BlackTeamCountry "POL"]

1. d4 f5 2. Bg5 g6 3. Nc3 Bg7 4. h4 h6 5. Bf4 Nf6 6. Qd2 d6 7. e3 e6 8. 0-0-0 Qe7 9. f3 Nc6 10. Bb5 Bd7 11. e4 e5 12. dxe5 dxe5 13. Bxc6 Bxc6 14. exf5 gxf5 15. Re1 Nh5 16. Nh3 Nxf4 17. Nxf4 Qd6 18. Nh5 Qxd2+ 19. Kxd2 0-0-0+ 20. Kc1 Rhg8 21. Nxg7 Rxg7 22. Rxe5 1/2-1/2

[Event "POL-chT 2nd League"]
[Site "Jastrzebia Gora"]
[Date "2019.09.08"]
[Round "2.15"]
[White "Zaleski, Lukasz"]
[Black "Nowicki, Bartosz"]
[Result "1/2-1/2"]
[WhiteElo "2206"]
[BlackElo "2349"]
[PlyCount "70"]
[EventDate "2019.09.07"]
[EventType "team-swiss"]
[EventRounds "9"]
[EventCountry "POL"]
[SourceTitle "EXT 2020"]
[Source "ChessBase"]
[SourceDate "2019.10.17"]
[SourceVersion "1"]
[SourceVersionDate "2019.10.17"]
[SourceQuality "1"]
[WhiteTeam "Gdansk Korona"]
[BlackTeam "Minsk Mazowiecki MTSz"]
[WhiteTeamCountry "POL"]
[BlackTeamCountry "POL"]

1. e4 c5 2. Nf3 d6 3. d4 cxd4 4. Nxd4 Nf6 5. Nc3 a6 6. h4 e5 7. Nb3 Be6 8. f4 exf4 9. Bxf4 Nc6 10. Qd2 Qb6 11. 0-0-0 Ne5 12. Nd4 Be7 13. Nf5 Bxf5 14. exf5 0-0 15. Be2 Rac8 16. Rhg1 Rc6 17. g4 Rfc8 18. Rg3 Bf8 19. g5 Nfd7 20. Kb1 Qb4 21. a3 Qa5 22. h5 Nb6 23. Ne4 Qa4 24. Nc3 Qa5 25. g6 Nbc4 26. Bxc4 Nxc4 27. Qd5 Nxa3+ 28. bxa3 Qxa3 29. Ne4 Qa4 30. Rd2 Rxc2 31. Rxc2 Qxc2+ 32. Ka1 Qa4+ 33. Kb2 Qc2+ 34. Ka1 Qa4+ 35. Kb2 Qc2+ 1/2-1/2

[Event "POL-ch blitz"]
[Site "Chorzow"]
[Date "2019.04.12"]
[Round "4"]
[White "Nowicki, Bartosz"]
[Black "Heberla, Bartlomiej"]
[Result "0-1"]
[WhiteElo "2349"]
[BlackElo "2553"]
[PlyCount "77"]
[EventDate "2019.04.12"]
[EventType "swiss (blitz)"]
[EventRounds "15"]
[EventCountry "POL"]
[SourceTitle "CBM 189 Extra"]
[Source "ChessBase"]
[SourceDate "2019.06.03"]
[SourceVersion "1"]
[SourceVersionDate "2019.06.03"]
[SourceQuality "1"]

1. e4 c5 2. Nf3 e6 3. d4 cxd4 4. Nxd4 Nf6 5. Nc3 d6 6. g4 h6 7. Be3 a6 8. Rg1 g6 9. Qd2 Nbd7 10. 0-0-0 Ne5 11. h3 Nfd7 12. f4 b5 13. Bg2 Bb7 14. Kb1 Qc7 15. Nf3 Rc8 16. Nxe5 Nxe5 17. fxe5 dxe5 18. Ne2 Be7 19. Ng3 Bg5 20. Qe2 Qc4 21. Rd3 Ke7 22. Rgd1 Rc7 23. Qf2 Rhc8 24. Rc3 Qb4 25. Rxc7+ Rxc7 26. Rf1 Ke8 27. Nh5 Bxe4 28. Bxe4 Qxe4 29. Ng7+ Kd8 30. Rd1+ Ke7 31. Rf1 Bf4 32. Nh5 Kf8 33. Nxf4 exf4 34. Qxf4 Qxf4 35. Rxf4 Ke7 36. c3 f6 37. Kc2 e5 38. Rb4 Kd6 39. a4 0-1

[Event "POL-ch blitz"]
[Site "Chorzow"]
[Date "2019.04.12"]
[Round "10"]
[White "Nowicki, Bartosz"]
[Black "Szustakowski, Antoni"]
[Result "0-1"]
[WhiteElo "2349"]
[BlackElo "2279"]
[PlyCount "69"]
[EventDate "2019.04.12"]
[EventType "swiss (blitz)"]
[EventRounds "15"]
[EventCountry "POL"]
[SourceTitle "CBM 189 Extra"]
[Source "ChessBase"]
[SourceDate "2019.06.03"]
[SourceVersion "1"]
[SourceVersionDate "2019.06.03"]
[SourceQuality "1"]

1. e4 e6 2. d4 d5 3. Nd2 c5 4. exd5 Qxd5 5. Ngf3 cxd4 6. Bc4 Qd7 7. 0-0 Nc6 8. Nb3 Nf6 9. Nbxd4 Nxd4 10. Qxd4 Qxd4 11. Nxd4 Bd7 12. c3 a6 13. a4 Be7 14. Re1 0-0 15. Bf4 Rfd8 16. a5 Rac8 17. Be2 Nd5 18. Bg3 Bf6 19. Nf3 Rc5 20. Bd6 Rc6 21. Be5 Be7 22. Bg3 f6 23. Nd4 Rcc8 24. Bf3 Kf7 25. Nf5 Bc6 26. Nxe7 Nxe7 27. Bd1 Bd5 28. Bc2 Nc6 29. f3 g6 30. Re2 Bc4 31. Rf2 Bd3 32. Bxd3 Rxd3 33. Kf1 Rcd8 34. Ke1 e5 35. Rc2 0-1

[Event "Krakow op-A 29th"]
[Site "Krakow"]
[Date "2019.01.04"]
[Round "9"]
[White "Nowicki, Bartosz"]
[Black "Schreiner, Peter"]
[Result "1-0"]
[WhiteElo "2305"]
[BlackElo "2479"]
[PlyCount "85"]
[EventDate "2018.12.27"]
[EventType "swiss"]
[EventRounds "9"]
[EventCountry "POL"]
[SourceTitle "CBM 188 Extra"]
[Source "ChessBase"]
[SourceDate "2019.02.26"]
[SourceVersion "1"]
[SourceVersionDate "2019.02.26"]
[SourceQuality "1"]

1. e4 e5 2. Nf3 Nc6 3. Bb5 a6 4. Ba4 Nf6 5. d3 d6 6. c3 g6 7. 0-0 Bg7 8. h3 0-0 9. Be3 b5 10. Bc2 Bb7 11. Nbd2 Re8 12. b4 Nd7 13. a4 Nf8 14. Bb3 Ne6 15. Bd5 Qc8 16. Nb3 Ne7 17. Bxb7 Qxb7 18. Na5 Qc8 19. Qb3 Qd7 20. d4 exd4 21. cxd4 d5 22. e5 Nc8 23. Nb7 Nb6 24. a5 Nc4 25. Nh2 Rab8 26. Nc5 Nxc5 27. bxc5 f6 28. f4 b4 29. Bc1 f5 30. Ra4 Qb5 31. Rf2 Nxa5 32. Qxd5+ Kh8 33. Rxa5 Qxa5 34. Bb2 Qb5 35. Nf3 c6 36. Qb3 a5 37. Ng5 Re7 38. Nf7+ Rxf7 39. Qxf7 a4 40. e6 Qb7 41. e7 Qc8 42. d5 Bxb2 43. d6 1-0

[Event "Krakow op-A 29th"]
[Site "Krakow"]
[Date "2018.12.29"]
[Round "4"]
[White "Nowicki, Bartosz"]
[Black "Jarmula, Lukasz"]
[Result "1-0"]
[WhiteElo "2305"]
[BlackElo "2481"]
[PlyCount "81"]
[EventDate "2018.12.27"]
[EventType "swiss"]
[EventRounds "9"]
[EventCountry "POL"]
[SourceTitle "CBM 188 Extra"]
[Source "ChessBase"]
[SourceDate "2019.02.26"]
[SourceVersion "1"]
[SourceVersionDate "2019.02.26"]
[SourceQuality "1"]

1. e4 c5 2. Nf3 d6 3. d4 cxd4 4. Nxd4 Nf6 5. Nc3 Nc6 6. Bg5 e6 7. Qd2 Be7 8. 0-0-0 a6 9. Bxf6 gxf6 10. f4 Bd7 11. Kb1 b5 12. f5 Nxd4 13. Qxd4 Qc7 14. Be2 h5 15. Bf3 Rb8 16. h4 b4 17. Ne2 e5 18. Qd2 a5 19. Ng3 Bc6 20. Rhe1 a4 21. Nxh5 Bb5 22. Re3 Bc4 23. g4 Rg8 24. b3 Bb5 25. Be2 Bxe2 26. Qxe2 Rc8 27. Rg3 a3 28. Rdd3 Qb6 29. g5 fxg5 30. f6 Bf8 31. hxg5 Rh8 32. Qg4 Qc6 33. Rd2 Qd7 34. Qd1 Rh7 35. Rgd3 Rc6 36. Rd5 Qh3 37. Ng7+ Bxg7 38. fxg7 Qc3 39. g8Q+ Ke7 40. Qc1 Rh1 41. Rd1 1-0

[Event "POL-ch blitz"]
[Site "Szczawno Zdroj"]
[Date "2018.12.16"]
[Round "10"]
[White "Kolasinski, Krzysztof"]
[Black "Nowicki, Bartosz"]
[Result "0-1"]
[WhiteElo "2101"]
[BlackElo "2305"]
[PlyCount "88"]
[EventDate "2018.12.16"]
[EventType "swiss (blitz)"]
[EventRounds "15"]
[EventCountry "POL"]
[SourceTitle "CBM 187 Extra"]
[Source "ChessBase"]
[SourceDate "2018.11.04"]
[SourceVersion "1"]
[SourceVersionDate "2018.11.04"]
[SourceQuality "1"]

1. d4 Nf6 2. c4 c5 3. d5 g6 4. Nc3 Bg7 5. e4 d6 6. Bd3 0-0 7. h3 e6 8. Nf3 Na6 9. 0-0 Nc7 10. Bg5 h6 11. Bf4 e5 12. Be3 Nh5 13. Qd2 Kh7 14. Ne2 f5 15. Qc2 f4 16. Bd2 g5 17. Nh2 Nf6 18. f3 h5 19. b4 Na6 20. a3 g4 21. hxg4 hxg4 22. fxg4 Nxg4 23. Nxg4 Bxg4 24. Nxf4 exf4 25. e5+ Kg8 26. Rxf4 Rxf4 27. Bxf4 dxe5 28. Bh7+ Kh8 29. Bg3 cxb4 30. Qe4 Qg5 31. axb4 Nxb4 32. c5 Na6 33. c6 Nc5 34. Qc2 bxc6 35. dxc6 Ne6 36. Re1 Nd4 37. Qe4 Be6 38. c7 Rc8 39. Bh4 Qg4 40. Qxg4 Bxg4 41. Bd8 Kxh7 42. Ra1 Nc6 43. Ra4 Be6 44. Ra6 Bd7 0-1

[Event "POL-ch blitz"]
[Site "Szczawno Zdroj"]
[Date "2018.12.16"]
[Round "12"]
[White "Nowicki, Bartosz"]
[Black "Brodowski, Piotr"]
[Result "0-1"]
[WhiteElo "2305"]
[BlackElo "2439"]
[PlyCount "72"]
[EventDate "2018.12.16"]
[EventType "swiss (blitz)"]
[EventRounds "15"]
[EventCountry "POL"]
[SourceTitle "CBM 187 Extra"]
[Source "ChessBase"]
[SourceDate "2018.11.04"]
[SourceVersion "1"]
[SourceVersionDate "2018.11.04"]
[SourceQuality "1"]

1. e4 g6 2. d4 Bg7 3. Nc3 d6 4. f4 Nf6 5. Nf3 0-0 6. Be3 Nbd7 7. e5 Ng4 8. Bg1 c5 9. e6 fxe6 10. Ng5 Ndf6 11. dxc5 Qa5 12. Qd2 d5 13. h3 Nh6 14. g4 Nf7 15. Nxf7 Rxf7 16. Bd4 Bd7 17. Bg2 Qb4 18. Be5 Qxc5 19. 0-0-0 b5 20. Ne2 b4 21. Nd4 Qa5 22. Kb1 Rc8 23. Rhe1 Ne8 24. Bxg7 Nxg7 25. Re5 Qc7 26. Rde1 a5 27. h4 Rcf8 28. h5 Rxf4 29. hxg6 hxg6 30. Rg5 Rf2 31. Re2 Qg3 32. Rxg6 Rf1+ 33. Bxf1 Rxf1+ 34. Qc1 Rxc1+ 35. Kxc1 Qf4+ 36. Rd2 Kf7 0-1

[Event "POL-ch blitz"]
[Site "Szczawno Zdroj"]
[Date "2018.12.16"]
[Round "7"]
[White "Nowicki, Bartosz"]
[Black "Krasiewicz, Robert"]
[Result "1-0"]
[WhiteElo "2305"]
[BlackElo "1934"]
[PlyCount "53"]
[EventDate "2018.12.16"]
[EventType "swiss (blitz)"]
[EventRounds "15"]
[EventCountry "POL"]
[SourceTitle "CBM 187 Extra"]
[Source "ChessBase"]
[SourceDate "2018.11.04"]
[SourceVersion "1"]
[SourceVersionDate "2018.11.04"]
[SourceQuality "1"]

1. e4 g6 2. d4 Bg7 3. Nc3 d6 4. Bg5 a6 5. f4 b5 6. Nf3 Bb7 7. Bd3 Nf6 8. e5 Nd5 9. Qd2 h6 10. Bh4 Nxc3 11. Qxc3 dxe5 12. fxe5 Bd5 13. a4 Qd7 14. axb5 axb5 15. Rxa8 Bxa8 16. Qc5 Bc6 17. 0-0 g5 18. Bg3 0-0 19. c3 e6 20. Nd2 Na6 21. Qa3 Ra8 22. Be4 Bxe4 23. Nxe4 Qc6 24. Nf6+ Kh8 25. Qe7 Rf8 26. Nd7 Nb8 27. Nxf8 1-0

[Event "POL-chT 2nd League"]
[Site "Jastrzebia Gora"]
[Date "2018.09.04"]
[Round "4.10"]
[White "Kozak, Antoni"]
[Black "Nowicki, Bartosz"]
[Result "0-1"]
[WhiteElo "2231"]
[BlackElo "2275"]
[PlyCount "193"]
[EventDate "2018.09.01"]
[EventType "team-swiss"]
[EventRounds "9"]
[EventCountry "POL"]
[SourceTitle "CBM 186 Extra"]
[Source "ChessBase"]
[SourceDate "2018.08.24"]
[SourceVersion "1"]
[SourceVersionDate "2018.08.24"]
[SourceQuality "1"]
[WhiteTeam "Sedziszow Malopolski"]
[BlackTeam "Minsk Mazowiecki MTSz"]
[WhiteTeamCountry "POL"]
[BlackTeamCountry "POL"]

1. e4 d6 2. d4 g6 3. Nc3 Bg7 4. f4 a6 5. Nf3 b5 6. Bd3 Bb7 7. Ne2 c5 8. c3 Nd7 9. 0-0 Ngf6 10. e5 Nd5 11. e6 fxe6 12. Ng5 Nf8 13. dxc5 dxc5 14. Qc2 Qb6 15. Be4 Nf6 16. Bxb7 Qxb7 17. a4 b4 18. cxb4 cxb4 19. a5 h6 20. Nf3 N6d7 21. Be3 Rc8 22. Qd3 Nc5 23. Bxc5 Rxc5 24. Qe3 Rd5 25. Ne5 g5 26. Qf3 gxf4 27. Qh5+ Kd8 28. Rfd1 Nd7 29. Nf7+ Kc7 30. Rac1+ Kb8 31. Rxd5 Qxd5 32. Qxd5 exd5 33. Nxh8 Bxh8 34. Nxf4 Bd4+ 35. Kh1 Be3 36. Rf1 Nf6 37. g3 Kc7 38. Re1 d4 39. Ng2 Nd5 40. Nxe3 Nxe3 41. Rxe3 dxe3 42. Kg2 Kd6 43. Kf3 Kd5 44. Kxe3 Kc4 45. g4 Kb3 46. h4 Kxb2 47. g5 hxg5 48. hxg5 b3 49. g6 Ka3 50. g7 b2 51. g8Q b1Q 52. Qc8 Qb3+ 53. Kd2 Qb4+ 54. Kc2 Qb2+ 55. Kd1 Qb5 56. Qc1+ Kb4 57. Qf4+ Qc4 58. Qb8+ Kc3 59. Ke1 e6 60. Kf2 Kd4 61. Qb6+ Ke4 62. Qb7+ Kd3 63. Qf3+ Kc2 64. Qb7 e5 65. Qb6 e4 66. Ke1 Qc3+ 67. Kf2 Qf3+ 68. Ke1 Qd1+ 69. Kf2 Qd2+ 70. Kg3 e3 71. Qg6+ Qd3 72. Qc6+ Kd2 73. Qh6 Kc2 74. Qc6+ Qc3 75. Qe4+ Kd2 76. Qd5+ Qd3 77. Qa2+ Ke1 78. Qa1+ Qd1 79. Qh8 Qd3 80. Qa1+ Ke2 81. Qa2+ Qd2 82. Qa4 Qe1+ 83. Kg2 Qf2+ 84. Kh1 Qf3+ 85. Kg1 Qg3+ 86. Kh1 Qe1+ 87. Kg2 Qd2 88. Kg3 Kf1 89. Qc4+ Kg1 90. Qc5 Qf2+ 91. Kh3 e2 92. Qg5+ Kf1 93. Qc1+ e1Q 94. Qc4+ Qfe2 95. Qf4+ Kg1 96. Qg5+ Kh1 97. Qe5 0-1

[Event "POL-chT rapid"]
[Site "Zgierz"]
[Date "2018.03.03"]
[Round "8.14"]
[White "Krzywda, Andrzej"]
[Black "Nowicki, Bartosz"]
[Result "0-1"]
[WhiteElo "2174"]
[BlackElo "2275"]
[PlyCount "58"]
[EventDate "2018.03.03"]
[EventType "team-swiss (rapid)"]
[EventRounds "9"]
[EventCountry "POL"]
[SourceTitle "CBM 183 Extra"]
[Source "ChessBase"]
[SourceDate "2018.04.19"]
[SourceVersion "1"]
[SourceVersionDate "2018.04.19"]
[SourceQuality "1"]
[WhiteTeam "Chroscice Victoria"]
[BlackTeam "Minsk Mazowiecki MTSz"]
[WhiteTeamCountry "POL"]
[BlackTeamCountry "POL"]

1. e4 c5 2. Nf3 d6 3. d4 cxd4 4. Nxd4 Nf6 5. Nc3 a6 6. g3 Nc6 7. Bg2 Bd7 8. 0-0 g6 9. Re1 Bg7 10. Nxc6 Bxc6 11. e5 dxe5 12. Bxc6+ bxc6 13. Qe2 Qc7 14. a4 0-0 15. a5 Nd5 16. Ne4 Rfd8 17. Qc4 Qb7 18. Ra4 Qb5 19. Qa2 Nc7 20. c4 Qb8 21. Be3 Ne6 22. Bb6 Rd7 23. Kg2 Qb7 24. Qb3 c5 25. f3 Qc6 26. Raa1 f5 27. Nc3 Rd3 28. Qa4 Qxf3+ 29. Kg1 Ng5 0-1

[Event "Krakow op-A 28th"]
[Site "Krakow"]
[Date "2018.01.03"]
[Round "8"]
[White "Nowicki, Bartosz"]
[Black "Berdnyk, Mariia"]
[Result "1/2-1/2"]
[WhiteElo "2284"]
[BlackElo "2204"]
[PlyCount "143"]
[EventDate "2017.12.27"]
[EventType "swiss"]
[EventRounds "9"]
[EventCountry "POL"]
[SourceTitle "CBM 182 Extra"]
[Source "ChessBase"]
[SourceDate "2018.02.23"]
[SourceVersion "1"]
[SourceVersionDate "2018.02.23"]
[SourceQuality "1"]

1. e4 e5 2. f4 exf4 3. Bc4 Qh4+ 4. Kf1 d6 5. Nf3 Bg4 6. Nc3 Bxf3 7. Qxf3 Nc6 8. Bb5 Nge7 9. Nd5 0-0-0 10. Qxf4 Qh5 11. Nxe7+ Bxe7 12. Be2 Qa5 13. c3 d5 14. b4 Qa4 15. Qf5+ Kb8 16. exd5 g6 17. Qb1 Rxd5 18. Qb3 Rf5+ 19. Ke1 Qxb3 20. axb3 Re8 21. b5 Bh4+ 22. Kd1 Rf2 23. Bf3 Ne5 24. Ra4 Nxf3 25. gxf3 Bg5 26. h4 Bh6 27. h5 g5 28. Rh3 f5 29. Rd4 Kc8 30. Rd5 g4 31. fxg4 fxg4 32. Rg3 Rf1+ 33. Kc2 Rg8 34. Ba3 Bf4 35. Rg2 g3 36. Rf5 Kd7 37. Rf6 Rg4 38. Kd3 Rh1 39. Ke4 Bd6+ 40. Kf3 Rg8 41. Rf7+ Ke6 42. Rxh7 Rf8+ 43. Ke3 Re1+ 44. Kd3 Rf3+ 45. Kc2 Bxa3 46. b4 Kf6 47. Rxc7 Bc1 48. Rxb7 Bxd2 49. Rxd2 Rf2 50. Rxa7 Rxd2+ 51. Kxd2 g2 52. Ra6+ Ke5 53. Kxe1 g1Q+ 54. Kd2 Qf2+ 55. Kd3 Qf3+ 56. Kc2 Qxh5 57. Rc6 Qe2+ 58. Kb3 Qd1+ 59. Kb2 Qa4 60. Rc4 Kd5 61. Rd4+ Ke6 62. Rc4 Qxb5 63. Rc5 Qa4 64. Ra5 Qd1 65. Rc5 Qd2+ 66. Kb3 Kd6 67. Ra5 Qc1 68. Rc5 Qb1+ 69. Kc4 Qa2+ 70. Kd3 Qb2 71. Ra5 Qb1+ 72. Kc4 1/2-1/2

[Event "EU-ch rapid"]
[Site "Katowice"]
[Date "2017.12.16"]
[Round "3"]
[White "Valsecchi, Alessio"]
[Black "Nowicki, Bartosz"]
[Result "1-0"]
[WhiteElo "2501"]
[BlackElo "2284"]
[PlyCount "113"]
[EventDate "2017.12.16"]
[EventType "swiss (rapid)"]
[EventRounds "11"]
[EventCountry "POL"]
[SourceTitle "CBM 182 Extra"]
[Source "ChessBase"]
[SourceDate "2018.02.23"]
[SourceVersion "1"]
[SourceVersionDate "2018.02.23"]
[SourceQuality "1"]

1. e4 c5 2. Nf3 d6 3. Bb5+ Nd7 4. 0-0 a6 5. Bd3 Ngf6 6. Re1 g6 7. a4 b6 8. c3 Bg7 9. Bc2 0-0 10. h3 Bb7 11. d3 Qc7 12. Na3 e5 13. Nc4 d5 14. exd5 Nxd5 15. Bd2 b5 16. Ne3 Qd6 17. Nxd5 Qxd5 18. d4 Qd6 19. Nxe5 Nxe5 20. dxe5 Bxe5 21. Bg5 Rfe8 22. Qxd6 Bxd6 23. Red1 Re6 24. Be3 c4 25. axb5 axb5 26. Rxa8+ Bxa8 27. b3 Kg7 28. bxc4 bxc4 29. Ba4 Be5 30. Bd4 Bxd4 31. Rxd4 Re1+ 32. Kh2 Re4 33. Rd8 Bb7 34. Bb5 Re2 35. Rd7 Ba8 36. Rxf7+ Kh6 37. Bxc4 Rc2 38. Ra7 Be4 39. Re7 Ba8 40. Bg8 Rxf2 41. h4 Rxg2+ 42. Kh3 g5 43. Rxh7+ Kg6 44. h5+ Kf5 45. Rf7+ Ke5 46. Ra7 g4+ 47. Kh4 Bf3 48. Kg5 Rh2 49. Re7+ Kd6 50. Re3 Rh3 51. Be6 Bg2 52. Rxh3 gxh3 53. Bxh3 Bd5 54. h6 Bg8 55. Kf6 Bh7 56. Bf5 Bg8 57. Kg7 1-0

[Event "POL-chT 2nd League"]
[Site "Szklarska Poreba"]
[Date "2017.09.03"]
[Round "2.12"]
[White "Stachanczyk, Jacek"]
[Black "Nowicki, Bartosz"]
[Result "0-1"]
[WhiteElo "2218"]
[BlackElo "2261"]
[PlyCount "60"]
[EventDate "2017.09.02"]
[EventType "team-swiss"]
[EventRounds "9"]
[EventCountry "POL"]
[SourceTitle "CBM 180 Extra"]
[Source "ChessBase"]
[SourceDate "2017.10.06"]
[SourceVersion "1"]
[SourceVersionDate "2017.10.06"]
[SourceQuality "1"]
[WhiteTeam "Jaworzno"]
[BlackTeam "Minsk Mazowiecki MTSz"]
[WhiteTeamCountry "POL"]
[BlackTeamCountry "POL"]

1. c4 c5 2. g3 Nc6 3. Bg2 g6 4. Nc3 Bg7 5. Nf3 Nh6 6. h4 Nf5 7. h5 Rb8 8. h6 Nxh6 9. d4 cxd4 10. Nxd4 Nf5 11. Nxf5 gxf5 12. Qd3 d6 13. Bh6 Ne5 14. Qc2 Bxh6 15. Rxh6 Qa5 16. 0-0-0 Ng4 17. Rd5 Qa6 18. Nb5 Qxa2 19. Qc3 Qa1+ 20. Kd2 0-0 21. Rh1 Qa6 22. f3 Nf6 23. Rxd6 exd6 24. Qxf6 Qa5+ 25. Kc2 Qd8 26. Qh6 Re8 27. Nxd6 Rxe2+ 28. Kb1 Be6 29. Qxh7+ Kf8 30. Rd1 Qf6 0-1

[Event "Mare di Fano op 6th"]
[Site "Fano"]
[Date "2017.07.30"]
[Round "2"]
[White "Nowicki, Bartosz"]
[Black "Korneev, Oleg"]
[Result "0-1"]
[WhiteElo "2262"]
[BlackElo "2563"]
[PlyCount "148"]
[EventDate "2017.07.29"]
[EventType "swiss"]
[EventRounds "9"]
[EventCountry "ITA"]
[SourceTitle "EXT 2018"]
[Source "ChessBase"]
[SourceDate "2017.10.13"]
[SourceVersion "1"]
[SourceVersionDate "2017.10.13"]
[SourceQuality "1"]

1. e4 c5 2. Nf3 Nc6 3. d4 cxd4 4. Nxd4 Nf6 5. Nc3 d6 6. Bg5 e6 7. Qd2 a6 8. 0-0-0 Bd7 9. f3 Be7 10. g4 h5 11. gxh5 Nxh5 12. Bxe7 Qxe7 13. Nde2 g5 14. Qxd6 Qxd6 15. Rxd6 Ne5 16. Bg2 Ke7 17. Rd2 Rag8 18. Rhd1 Bc8 19. Nd4 Nc4 20. Rf2 Nf4 21. Bf1 Ne3 22. Re1 e5 23. Nb3 Nxf1 24. Rexf1 Rh3 25. Rd1 Rgh8 26. Rdd2 b6 27. Kb1 Be6 28. Nc1 b5 29. a3 f6 30. Nd3 Nxd3 31. cxd3 R8h4 32. d4 exd4 33. Ne2 Rxh2 34. Nxd4 Rxf2 35. Rxf2 Kd6 36. Kc2 Ke5 37. Kd3 f5 38. Nxf5 Bxf5 39. exf5 Kxf5 40. Ke3 Rh1 41. Rc2 Re1+ 42. Kf2 Rb1 43. Ke3 Re1+ 44. Kf2 Re5 45. Kg3 a5 46. Rd2 Rc5 47. Re2 Rc4 48. Rd2 Ke5 49. Kg2 Rd4 50. Re2+ Kf4 51. Re1 Rd3 52. Re4+ Kf5 53. Re2 b4 54. axb4 axb4 55. Rc2 b3 56. Rc5+ Kf4 57. Rc4+ Ke3 58. Rc5 Ke2 59. Rf5 Kd1 60. Rxg5 Kc2 61. Kg3 Kxb2 62. Rb5 Kc2 63. Kf4 b2 64. Rxb2+ Kxb2 65. Ke4 Kc3 66. f4 Kc4 67. f5 Rd1 68. Ke5 Kc5 69. Ke6 Kc6 70. f6 Re1+ 71. Kf7 Kd7 72. Kg7 Ke6 73. f7 Rg1+ 74. Kf8 Rf1 0-1